Taylor Swift quiz #2 - Statistics

Estatísticas Gerais
  • Esse quiz foi jogado 358 vezes
    296 desde o último reset
  • A pontuação média é 18 de 35
Estatísticas das Respostas
Hint Resposta % Correto
Em que ano Taylor nasceu? 1989
100%
Como se chama o primeiro álbum de Taylor? Taylor Swift
96%
O que fãs da cantora trocam entre si na "The Eras Tour"? pulseiras da amizade
87%
Qual o nome do meio de Taylor? Alison
86%
Quantos anos Swift atualmente tem? 34
85%
Quantas turnês Swift já realizou? 6
82%
Quem é conhecida por ser a melhor amiga da cantora? Abigail ou Selena Gomez
82%
De que música é o trecho: "Nice to meet you, where you been?" Blank Space
79%
Em que dia e mês desse ano? 13 de dezembro
75%
Qual a cor do álbum "evermore"? marrom
72%
Complete: "And you call me up again just to break me like a promise/ So casually cruel in the ____ __ _____ ______" name of being honest
68%
Qual a tradução, em português, do 10º álbum lançado pela cantora? (cuidado com o plural) meias-noites
58%
Qual o único álbum que possui exatamente 26 faixas? Fearless (taylor's version)
57%
scarlet
57%
wine
55%
Qual a última música de "1989 (taylor's version)"? Is it over now?
53%
blood
52%
blue
50%
Quais cores Taylor menciona na música "invisible string", em inglês? green
50%
Qual é a 6ª música de "folklore"? mirrorball
48%
Qual foi um dos icônicos presentes que a cantora recebeu quando foi entrevistada no programa "Mais Você", de Ana Maria Braga? Louro José
47%
maroon
45%
Quais as diferentes formas que Taylor descreve vermelho no refrão da música "maroon", em inglês? burgandy
41%
pink
35%
lips
33%
rust
33%
gold
32%
purple
28%
O acrônimo IOMWIWY se refere à qual música? I'm Only Me When I'm With You
25%
Em que cidade Taylor estava quando anunciou a primeira versão de "1989"? Nova Iorque
25%
teal
21%
Qual o nome do compositor que apareceu no palco da "The Eras Tour" para tocar músicas surpresas como "seven","ivy" e "The great war"? Aaron Dassner
15%
Durante qual música da "RED Tour" Taylor quebrou um dente? I Knew You Were Trouble
12%
Qual é a única música de Taylor, dentre os 10 álbuns, que não possui o pronome "I" em sua letra inteira? It's nice to have a friend
6%
Com 2 minutos e 26 segundos de duração, "Now That We Don't Talk" tomou o posto de música mais curta de Taylor. Antes disso, qual era a música que ocupava a posição? Glitch
5%
Nenhum quiz correspondente encontrado
Distribuição das Pontuações
Porcentagem de Pessoas com Cada Pontuação
Percentil de Números Respondidos
Sua Pontuação Histórica
Você não jogou esse quiz desde o último reset